The god of small things / (Record no. 9657)

MARC details
000 -LEADER
fixed length control field 01650nam a22002417a 4500
001 - CONTROL NUMBER
control field 9657
003 - CONTROL NUMBER IDENTIFIER
control field
005 - DATE AND TIME OF LATEST TRANSACTION
control field 20260128103345.0
008 - FIXED-LENGTH DATA ELEMENTS--GENERAL INFORMATION
fixed length control field 260128b cb ||||| |||| 00| 0 eng d
020 ## - INTERNATIONAL STANDARD BOOK NUMBER
International Standard Book Number FISKH
040 ## - CATALOGING SOURCE
Original cataloging agency FISKH
Language of cataloging eng
Transcribing agency FISKH
Modifying agency FISKH
050 ## - LIBRARY OF CONGRESS CALL NUMBER
Classification number PR9499.3 .R59 .G63
082 ## - DEWEY DECIMAL CLASSIFICATION NUMBER
Classification number 828.99353
100 ## - MAIN ENTRY--PERSONAL NAME
Personal name Roy, Arundhati
245 ## - TITLE STATEMENT
Title The god of small things /
Statement of responsibility, etc. Arundhati Roy
250 ## - EDITION STATEMENT
Edition statement This edition published in 2017
260 ## - PUBLICATION, DISTRIBUTION, ETC.
Place of publication, distribution, etc. London :
Name of publisher, distributor, etc. 4th Estate,
Date of publication, distribution, etc. 1997
300 ## - PHYSICAL DESCRIPTION
Extent 340 pages :
Dimensions 20 cm
520 ## - SUMMARY, ETC.
Summary, etc. An affluent Indian family is forever changed by one fateful day in 1969, from the author of The Ministry of Utmost Happiness “[ The God of Small Things ] offers such magic, mystery, and sadness that, literally, this reader turned the last page and decided to reread it. Immediately. It’s that haunting.”— USA Today Compared favorably to the works of Faulkner and Dickens, Arundhati Roy’s modern classic is equal parts powerful family saga, forbidden love story, and piercing political drama. The seven-year-old twins Estha and Rahel see their world shaken irrevocably by the arrival of their beautiful young cousin, Sophie. It is an event that will lead to an illicit liaison and tragedies accidental and intentional, exposing “big things [that] lurk unsaid” in a country drifting dangerously toward unrest. Lush, lyrical, and unnerving, The God of Small Things is an award-winning landmark that started for its author an esteemed career of fiction and political commentary that continues unabated.
650 ## - SUBJECT ADDED ENTRY--TOPICAL TERM
Topical term or geographic name entry element Indian Literature
Form subdivision Fiction
General subdivision 20th century
942 ## - ADDED ENTRY ELEMENTS (KOHA)
Source of classification or shelving scheme Dewey Decimal Classification
Koha item type Books
Suppress in OPAC No
Holdings
Withdrawn status Lost status Source of classification or shelving scheme Damaged status Not for loan Collection Home library Current library Shelving location Date acquired Total Checkouts Full call number Barcode Date last seen Date last checked out Copy number Price effective from Koha item type
    Dewey Decimal Classification     Fiction Footprints International School Library Network Toul Kork Campus Footprints International School Library Network Toul Kork Campus A TK Campus, 4th Floor, Room B401, Fiction Bookcases (1-6) 01/28/2026 1 ROY 828.99353 PR9499.3 .R59 .G63 2026-0174 03/24/2026 03/07/2026 1 01/28/2026 Books